| 000 | 00637nam a2200217 i 4500 | ||
|---|---|---|---|
| 001 | 84254 | ||
| 003 | ES-MaACL | ||
| 005 | 20230906175000.0 | ||
| 007 | t| | ||
| 008 | 041122s1976 sp ||||1| spa d | ||
| 100 | 1 |
_aIreland, R. E. _965432 |
|
| 245 | 1 | 0 |
_aProcesos sintéticos en Química orgánica / _cR.E. Ireland ; versión de F. Fernández González. |
| 250 | _a[1ª ed.]. | ||
| 260 |
_a[Madrid] : _bAlhambra, _c[1976] |
||
| 300 |
_aX, 196 p. ; _c20 cm. |
||
| 490 | 1 | _aExedra | |
| 700 | 0 |
_aFernández González, Franco. _949828 |
|
| 830 | 0 |
_aExedra _9177436 |
|
| 852 |
_aES-MaACL _jA-6127 _bR.95086 |
||
| 999 |
_c84254 _d84254 |
||